[Event "ESP-ch"]
[Site "Torrevieja"]
[Date "1997.09.30"]
[Round "2"]
[White "Gamundi, Antonio"]
[Black "Lopez Martinez, Jose Manuel"]
[Result "1/2-1/2"]
[WhiteElo "2455"]
[BlackElo "2255"]

1.c4 e5 2.g3 g6 3.Bg2 Bg7 4.Nc3 Nc6 5.e3 d6 6.Nge2 Be6 7.d3 Qd7 8.Nd5 Nf6
9.O-O O-O 10.Nxf6+ Bxf6 11.Nc3 Bg7 12.Nd5 Nd8 13.b3 c6 14.Nc3 Bh3 15.Bxh3 Qxh3
16.Ba3 Ne6 17.Bxd6 Rfd8 18.c5 Rd7 19.Rc1 Rad8 20.b4 f5 21.Qb3 f4 22.exf4 Rf7
23.Ne4 h6 24.Bxe5 Bxe5 25.fxe5 Nd4 26.Nf6+ Kg7 27.Qd1 Qe6 28.f4 Qxa2 29.Rf2 Qa3
30.Rb1 a5 31.bxa5 Qxc5 32.Ne4 Qa7 33.Nd6 Rfd7 34.h4 Nb5 35.Rxb5 cxb5 36.f5 Rxd6
37.exd6 Rxd6 38.Qa1+ Qd4 39.f6+ Kf7 40.Qa2+ Qd5 41.Qb2 Qxd3 42.Qe5 Rd7 43.Kh2 Qd4
44.Qe1 Qd1 45.Qc3 Qd4 46.Qf3 Qd5 47.Qa3 Qd4 48.Qb3+ Qc4 49.Qe3 Qd4 50.Qf3 Qd5
51.Qf4 Qd4  1/2-1/2

[Event "ESP-ch"]
[Site "Torrevieja"]
[Date "1997.10.01"]
[Round "4"]
[White "Narciso Dublan, Marc"]
[Black "Serra Olives, Tomas"]
[Result "1-0"]
[WhiteElo "2450"]
[BlackElo "2205"]

1.c4 e5 2.g3 Nf6 3.Bg2 d5 4.cxd5 Nxd5 5.Nc3 Nb6 6.Nf3 Nc6 7.O-O Be7 8.a3 O-O
9.b4 Be6 10.d3 a5 11.b5 Nd4 12.Bb2 f6 13.Nxd4 exd4 14.Na4 Nd5 15.Qc1 Qd7
16.Bxd4 Qxb5 17.Nc5 Bxc5 18.Bxc5 Rfe8 19.Rb1 Qa6 20.e4 Ne7 21.Bxe7 Rxe7 22.e5 Rae8
23.exf6 gxf6 24.Rxb7 Qd6 25.Qc3 Bc8 26.Rb5 a4 27.Rd5 Qb6 28.Rd4 Bd7 29.Rf4 Kg7
30.Be4 Re5 31.Rc1 c5 32.Rh4 h6 33.Qd2 f5 34.Bf3 Qd6 35.Rb1 Bc6 36.Bxc6 Qxc6
37.Qc3 Qd7 38.f4 Qd4+ 39.Qxd4  1-0

[Event "Brazil op"]
[Site "Pouso Alegre"]
[Date "1997.10.04"]
[Round "6"]
[White "Kamada, Juliana"]
[Black "Fernandes, Jose Costa Jr"]
[Result "1/2-1/2"]
[WhiteElo "2010"]
[BlackElo "2330"]

1.c4 e5 2.g3 Nc6 3.Bg2 g6 4.Nc3 Bg7 5.e3 Nge7 6.Nge2 O-O 7.O-O d6 8.Rb1 Be6
9.b3 Qd7 10.d3 Bh3 11.e4 Bxg2 12.Kxg2 f5 13.f3 Rae8 14.Be3 Nd4 15.Qd2 c6
16.Bh6 d5 17.Bxg7 Kxg7 18.Nxd4 exd4 19.Ne2 dxe4 20.dxe4 c5 21.e5 Nc6 22.f4 Qc7
23.Rbd1 Nd8 24.Nc1 Ne6 25.Nd3 Rd8 26.Kg1 a6 27.Qg2 Rd7 28.Rc1 a5 29.a4 Kh8
30.Rf2 Qb6 31.Rb1  1/2-1/2

[Event "Bahn-chT S+W"]
[Site "Friedrichroda"]
[Date "1997.10.26"]
[Round "1.1"]
[White "Strauss, Peter"]
[Black "Eyer, Karl"]
[Result "0-1"]
[WhiteElo "1825"]
[BlackElo "2002"]

1.c4 e5 2.g3 Nc6 3.Bg2 g6 4.Nc3 Bg7 5.Nf3 d6 6.O-O Nge7 7.d3 f5 8.e4 O-O
9.a3 Be6 10.Ng5 Bd7 11.Nd5 Nd4 12.f4 Nxd5 13.cxd5 h6 14.Ne6 Nxe6 15.dxe6 Bxe6
16.exf5 Bxf5 17.Bxb7 Rb8 18.Bd5+ Kh7 19.Rb1 c6 20.Be4 Qb6+ 21.Kh1 Qd4 22.Qe2 Rb3
23.Rd1 exf4 24.Bxf5 Rxf5 25.Bxf4 Rfb5 26.Rd2 g5 27.Be3 Qd5+ 28.Qg2 a5 29.Qxd5 Rxd5
30.d4 Rxe3  0-1

[Event "Copa Itau Mercosul"]
[Site "Sao Paulo"]
[Date "1997.10.26"]
[Round "9"]
[White "Braga, Cicero"]
[Black "Milos, Gilberto"]
[Result "1/2-1/2"]
[WhiteElo "2420"]
[BlackElo "2590"]

1.g3 e5 2.c4 Nc6 3.Bg2 g6 4.Nc3 Bg7 5.d3 d6 6.e4 h5 7.h4 Nge7 8.Nge2 Bg4
9.f3 Be6 10.Nd5 O-O 11.Bg5 f6 12.Be3 Qd7 13.Qd2 f5  1/2-1/2

[Event "SG Turm Trier"]
[Site "Trier"]
[Date "1997.10.28"]
[Round "2"]
[White "Becker, Marc"]
[Black "Mozny, Milos"]
[Result "1/2-1/2"]
[WhiteElo "2430"]
[BlackElo "2375"]

1.c4 e5 2.g3 Nf6 3.Bg2 d5 4.cxd5 Nxd5 5.Nf3 Nc6 6.O-O Be7 7.d4 exd4 8.Nxd4 Nxd4
9.Qxd4 Nf6 10.Qa4+ Qd7 11.Qc2 c6 12.Rd1 Qe6 13.e4 O-O 14.Nc3 Qe5 15.Bf4 Qa5
16.Bd6  1/2-1/2

[Event "SG Turm Trier"]
[Site "Trier"]
[Date "1997.10.30"]
[Round "4"]
[White "Becker, Marc"]
[Black "Hartvig, Ove Weiss"]
[Result "1/2-1/2"]
[WhiteElo "2430"]
[BlackElo "2290"]

1.c4 e5 2.g3 Nc6 3.Bg2 g6 4.Nc3 Bg7 5.Rb1 a5 6.a3 f5 7.b4 axb4 8.axb4 Nf6
9.d3 Qe7 10.b5 Nd4 11.e3 Ne6 12.Nge2 O-O 13.O-O Nc5 14.d4 exd4 15.exd4 Nce4
16.Re1 c6 17.c5 d6 18.cxd6 Qxd6 19.Bf4 Qd8 20.bxc6 bxc6 21.Qb3+ Kh8 22.Rbd1 Re8
23.Nxe4 Nxe4 24.Qc2  1/2-1/2

[Event "RUS-Cup01 Chigorin mem"]
[Site "St Petersburg"]
[Date "1997.11.02"]
[Round "2"]
[White "Vaulin, Alexander"]
[Black "Karasev, Vladimir I"]
[Result "1/2-1/2"]
[WhiteElo "2530"]
[BlackElo "2350"]

1.c4 e5 2.g3 Nf6 3.Bg2 Nc6 4.Nc3 Bb4 5.Nd5 Nxd5 6.cxd5 Ne7 7.Nf3 Bd6 8.d4 e4
9.Ne5 Nxd5 10.Bxe4 Nf6 11.Bg2 Bb4+ 12.Bd2 Bxd2+ 13.Qxd2 d6 14.Nd3 O-O 15.O-O Re8
16.b4 c6 17.d5 Nxd5 18.Bxd5 cxd5 19.Nf4 Qg5 20.h4 Qe5 21.Nxd5 Bh3 22.Rfd1 Rac8
23.Nf4 Bg4 24.Rac1 Rxc1 25.Qxc1 Qb5 26.Qb2 Bxe2 27.Nxe2  1/2-1/2

[Event "RUS-Cup01 Chigorin mem"]
[Site "St Petersburg"]
[Date "1997.11.03"]
[Round "3"]
[White "Bursteinas, Romanas"]
[Black "Socko, Bartosz"]
[Result "0-1"]
[WhiteElo "2200"]
[BlackElo "2435"]

1.c4 e5 2.g3 Nc6 3.Bg2 g6 4.Nc3 Bg7 5.Rb1 a5 6.a3 d6 7.d3 Nf6 8.Nf3 O-O 9.O-O h6
10.b4 axb4 11.axb4 Be6 12.e4 Nh7 13.b5 Ne7 14.Nh4 g5 15.Nf3 Kh8 16.Ne1 Qc8
17.Nd5 Nxd5 18.cxd5 Bd7 19.Be3 Ra5 20.b6 c5 21.dxc6 Bxc6 22.Qd2 Ra4 23.Nc2 f5
24.f3 f4 25.Bf2 g4 26.fxg4 Qxg4 27.Qd1 Qg6 28.Nb4 Bd7 29.Nd5 Ra2 30.Ne7 Qf7
31.Nf5 Bxf5 32.exf5 Qxf5 33.Bxb7 Ng5 34.g4 Qe6 35.Bf3 Rd2 36.b7 Rxd1 37.Bxd1 Rb8
38.h4 f3  0-1

[Event "RUS-Cup01 Chigorin mem"]
[Site "St Petersburg"]
[Date "1997.11.04"]
[Round "4"]
[White "Vaulin, Alexander"]
[Black "Zavoronkov, Vladimir"]
[Result "1/2-1/2"]
[WhiteElo "2530"]
[BlackElo "2400"]

1.c4 e5 2.g3 Nf6 3.Bg2 Nc6 4.Nc3 Bb4 5.Nd5 Bc5 6.e3 d6 7.Ne2 a6 8.d4 Ba7
9.O-O O-O 10.dxe5 Nxe5 11.Nxf6+ Qxf6 12.Nc3 Bg4 13.Nd5 Qd8 14.f3 Bf5 15.b3 c6
16.Nf4 Qf6 17.Bd2 Nd3 18.Nxd3 Bxd3 19.Re1 Rfe8 20.Kh1 d5 21.cxd5 cxd5  1/2-1/2

[Event "RUS-Cup01 Chigorin mem"]
[Site "St Petersburg"]
[Date "1997.11.06"]
[Round "6"]
[White "Vaulin, Alexander"]
[Black "Orlov, Vassily"]
[Result "0-1"]
[WhiteElo "2530"]
[BlackElo "2425"]

1.c4 e5 2.g3 Nf6 3.Bg2 d5 4.cxd5 Nxd5 5.Nc3 Nb6 6.Nf3 Nc6 7.O-O Be7 8.a3 O-O
9.b4 Be6 10.Rb1 f6 11.d3 a5 12.b5 Nd4 13.Nd2 Bd5 14.Nxd5 Nxd5 15.Bxd5+ Qxd5
16.a4 Bb4 17.Nc4 f5 18.Bb2 f4 19.Bxd4 exd4 20.Nd2 Bxd2 21.Qxd2 Rf6 22.Rbc1 Qd7
23.Kg2 Rh6 24.h4 Rf8 25.Qxa5 Qg4 26.b6 Rxh4  0-1

[Event "AUT-chT2O 9798"]
[Site "Austria"]
[Date "1997.11.07"]
[Round "1"]
[White "Tummeltshammer, Gernot"]
[Black "Weissenbeck, Manuel"]
[Result "1/2-1/2"]
[WhiteElo "2070"]
[BlackElo "2185"]

1.g3 e5 2.c4 Nf6 3.Bg2 Bc5 4.Nc3 O-O 5.d3 c6 6.Nf3 Re8 7.Qc2 d6 8.O-O a5
9.Rb1 Na6 10.a3 Bg4 11.h3 Bf5 12.e4 Bd7 13.Be3 b5 14.cxb5 cxb5 15.d4 exd4
16.Nxd4 b4 17.axb4 axb4 18.Nd5 Nxd5 19.exd5 Qc8 20.Nc6 Bxh3 21.Rbe1 Bxg2
22.Kxg2 Qg4 23.Bxc5 Nxc5 24.Ne7+ Rxe7 25.Rxe7 Qg5 26.Qe2 Qxd5+ 27.Kg1 Ne6
28.Rd1 Qc6 29.Qd2 Kf8 30.Rxe6 fxe6 31.Qxb4  1/2-1/2

[Event "Budapest FS11 IM-A"]
[Site "Budapest"]
[Date "1997.11.08"]
[Round "7"]
[White "Karatorossian, David"]
[Black "Lehmann, Zoltan"]
[Result "1-0"]
[WhiteElo "2335"]
[BlackElo "2275"]

1.c4 e5 2.g3 f5 3.d4 exd4 4.Qxd4 Nc6 5.Qd1 Bb4+ 6.Bd2 Bxd2+ 7.Qxd2 Nf6 8.Nc3 O-O
9.Bg2 d6 10.Nh3 Be6 11.b3 Kh8 12.O-O a5 13.Rfd1 Nd7 14.Nf4 Bg8 15.h4 Nc5
16.Ncd5 Ne5 17.Qc2 c6 18.Nc3 Qc7 19.e3 g6 20.Nce2 h6 21.Nd4 Qf7 22.Nf3 Qf6
23.h5 Bh7 24.hxg6 Bxg6 25.Nh4 Bh7 26.Rac1 Ne4 27.Kf1 Ng4 28.Bxe4 fxe4 29.Qd2 Rfe8
30.Qe2 Ne5 31.Qb2 Kg8 32.Kg2 Kf7 33.Qe2 Rg8 34.Rh1 Rg4 35.Kf1 Rag8 36.Qd2 Nd3
37.Rd1 a4 38.Nhg2 axb3 39.axb3 Nxf4 40.Nxf4 Ke7 41.Qb4 Rb8 42.Qb6  1-0

[Event "RUS-Cup01 Chigorin mem"]
[Site "St Petersburg"]
[Date "1997.11.09"]
[Round "9"]
[White "Bursteinas, Romanas"]
[Black "Lukin, Andrei M"]
[Result "1-0"]
[WhiteElo "2200"]
[BlackElo "2475"]

1.c4 e5 2.g3 Nc6 3.Bg2 f5 4.Nc3 Nf6 5.e3 g6 6.Nge2 Bg7 7.O-O O-O 8.Rb1 d6
9.b4 a6 10.d3 Rb8 11.a4 Be6 12.b5 axb5 13.axb5 Ne7 14.Bb2 g5 15.f4 Ng6 16.Nd5 gxf4
17.exf4 Qd7 18.Qc2 Kh8 19.Nxf6 Bxf6 20.d4 Qf7 21.fxe5 dxe5 22.dxe5 Nxe5 23.Nf4 Bxc4
24.Rfe1 Ng4 25.Bxf6+ Qxf6 26.h3 Qd4+ 27.Kh1 Nf2+ 28.Kh2 Nd3 29.Red1 Rbd8
30.Bf1 Rg8 31.Bxd3 Qe3 32.Qb2+ Rd4 33.Rg1  1-0

[Event "Oberliga Wuert9798"]
[Site "Wuerttemberg"]
[Date "1997.11.09"]
[Round "3"]
[White "Banaszek, Marcin"]
[Black "Bauer, Peter"]
[Result "1-0"]
[WhiteElo "2295"]
[BlackElo "2255"]

1.c4 e5 2.g3 Nc6 3.Bg2 g6 4.Nc3 Bg7 5.d3 d6 6.e4 Nge7 7.Nge2 O-O 8.O-O Nd4
9.Nxd4 exd4 10.Ne2 Be6 11.Nf4 Bd7 12.b3 Rb8 13.a4 a5 14.Bd2 c5 15.Qc2 b6
16.Rae1 h6 17.h4 Kh7 18.Qc1 Bg4 19.f3 Bd7 20.Rf2 Nc6 21.Nd5 Ne5 22.Bf1 Be6
23.Be2 Bxd5 24.exd5 Qd7 25.Qd1 Qh3 26.Rg2 Qf5 27.g4 Qf6 28.f4 Qxh4 29.fxe5 Bxe5
30.Rf1 Rbe8 31.g5 f5 32.Be1 Qh3 33.Rf3 Qh5 34.Re3 Qxg5 35.Rxg5 dxe3 36.Rg2 g5
37.Bh5 Re7 38.Qf3 Bd4 39.Kf1 Rg7 40.Ke2 Rf6 41.Qf1 Re7 42.Qg1 Rg7 43.Qh1 Re7
44.Bg3 Rd7 45.Rg1 Rd8 46.Qg2 Rdf8 47.Bf4 Rg8 48.Bxe3 Be5 49.Qh1 g4 50.Rf1 Rg7
51.Bf4 Re7 52.Kd2 Bxf4+ 53.Rxf4 Kg7 54.Qf1  1-0

[Event "Bayern-chI Bank Hofmann"]
[Site "Bad Wiessee"]
[Date "1997.11.17"]
[Round "3"]
[White "Markowski, Tomasz"]
[Black "Timmermans, Ivo"]
[Result "1-0"]
[WhiteElo "2515"]
[BlackElo "2225"]

1.g3 e5 2.c4 Nf6 3.Bg2 c6 4.d4 exd4 5.Qxd4 d5 6.Nf3 Be7 7.cxd5 cxd5 8.O-O Nc6
9.Qa4 Qb6 10.Nc3 O-O 11.Qb5 d4 12.Qxb6 axb6 13.Nb5 Rd8 14.Rd1 Bc5 15.Bd2 Ne4
16.Be1 Be6 17.b4 Nxb4 18.Nfxd4 Nf6 19.a3 Nbd5 20.Nxe6 fxe6 21.e4 Ne7 22.Nc7 Rxd1
23.Rxd1 Rxa3 24.Nxe6 Nc6 25.Nd8 Nxd8 26.Rxd8+ Kf7 27.Kf1 Ra1 28.Ke2 Ng4 29.f3 Ne3
30.Bh3 Nc2 31.Bc3 Rh1 32.Bc8 Rxh2+ 33.Kd3 Nb4+ 34.Kc4 Be7 35.Rd7 Nc6 36.Bxb7 Na5+
37.Kd3 Rh1 38.Bd5+ Ke8 39.Ra7 g6 40.Bd4 Rd1+ 41.Ke3 Re1+ 42.Kf4 Rc1 43.Bxb6 Nc6
44.Ra8+ Kd7 45.e5 Rb1 46.Bf2 Rb4+ 47.Be4 Nd4 48.Ra7+ Ke6 49.Ra6+ Kf7 50.Ke3 Bc5
51.Kd3 Ne6 52.Be1 Rd4+ 53.Ke2 Rd7 54.f4 Nd4+ 55.Kf1 Ne6 56.Bf3 Nd4 57.Be4 Ne6
58.Ra5 Rd1 59.Rb5 Rd7 60.Bb1 Ra7 61.Bd3 Bd4 62.Bc4 Rc7 63.Bb3 Ke7 64.Bb4+ Kd7
65.Rd5+ Kc8 66.Rd6 Rc1+ 67.Ke2 Nc5 68.Bg8  1-0

[Event "Bayern-chI Bank Hofmann"]
[Site "Bad Wiessee"]
[Date "1997.11.17"]
[Round "3"]
[White "Stoll, Ferdinand"]
[Black "Kube, Hannelore"]
[Result "1-0"]
[WhiteElo "2255"]
[BlackElo "2050"]

1.c4 e5 2.g3 Nf6 3.Bg2 Nc6 4.Nc3 Bc5 5.e3 O-O 6.Nge2 Re8 7.O-O e4 8.d3 exd3
9.Nf4 Ne5 10.Nxd3 Qe7 11.b3 d6 12.Nxc5 dxc5 13.Nd5 Nxd5 14.cxd5 Bg4 15.f3 Bd7
16.f4 Ng6 17.e4 Rad8 18.a4 f5 19.e5 Be6 20.Ra2 c6 21.d6 Qf7 22.Rb2 c4 23.bxc4 Bxc4
24.Re1 Nf8 25.Be3 a6 26.Qd4 Rd7 27.Rc1 Bb3 28.Rc3 Ba2 29.Qd2 Bc4 30.Rb4 Be6
31.h4 h6 32.Bb6 Rc8 33.a5 Kh8 34.Bf3 Ng6 35.Bh5 Kh7 36.Rd4 Qg8 37.Bf3 Qf7
38.Kf2 Kh8 39.Qc2 Nf8 40.Rb4 Bd5 41.Rd3 Bxf3 42.Rxf3 Ne6 43.Rfb3 h5 44.Be3 Rg8
45.Qb1 Rb8 46.Rb6 Nd8 47.Rxa6 Rc8 48.Rab6 Ra8 49.a6 Rxa6 50.Rxa6 bxa6 51.Rb8 Kh7
52.Bb6 Nb7 53.Rc8 Nxd6 54.exd6 Rxd6 55.Be3 Qd7 56.Rb8 Rd2+ 57.Bxd2 Qxd2+
58.Kf1 Kg6 59.Qb2 Qd5 60.Kg1  1-0

[Event "Alicante op"]
[Site "Alicante"]
[Date "1997.??.??"]
[Round "4"]
[White "Martinez Rodriguez, Pablo"]
[Black "Eslon, Jaan"]
[Result "1/2-1/2"]
[WhiteElo "2200"]
[BlackElo "2370"]

1.c4 e5 2.g3 Nf6 3.Bg2 d5 4.cxd5 Nxd5 5.Nc3 Nb6 6.Nf3 Nc6 7.O-O Be7 8.a4 a5
9.d3 O-O 10.Be3 Re8 11.Rc1 Bf8 12.Nb5 Nd5 13.Bc5 Bxc5 14.Rxc5 Ndb4 15.d4 exd4
16.Nfxd4 Nxd4 17.Qxd4 Qxd4 18.Nxd4 c6 19.e3 Bd7 20.Rd1 b6 21.Rc3 Rac8 22.Nc2 Rc7
23.Nxb4 axb4 24.Rcd3 Bg4 25.Rd8 Kf8 26.Rxe8+ Kxe8 27.Rd4 Bd7 28.Rxb4 b5 29.axb5 cxb5
30.Bf1 Rc1 31.Kg2 Bc6+ 32.e4 Rc5 33.Kf3 Kd7 34.Ke3 Kc7 35.Rb3 Kb6 36.Rc3 Re5
37.Bd3 Re8 38.f4 Bxe4 39.Bxe4 f5 40.Rc6+ Ka5 41.Rc7 g6 42.Rxh7 Kb4 43.h4 Rxe4+
44.Kf3 Rd4 45.h5 gxh5 46.Rxh5 Rd5 47.g4 fxg4+ 48.Kxg4 Rd2 49.f5 Rxb2 50.f6 Rg2+
51.Kf5 Rg8 52.Ke6 Kc4 53.f7 Rf8 54.Ke7 Rxf7+ 55.Kxf7 b4 56.Ke6 b3 57.Rh2 Kc3
58.Rh3+  1/2-1/2

[Event "Andorra op"]
[Site "Andorra"]
[Date "1997.??.??"]
[Round "5"]
[White "Gamundi, Antonio"]
[Black "Cuevas Rodriguez, Ma Luisa"]
[Result "1-0"]
[WhiteElo "2440"]
[BlackElo "2230"]

1.c4 e5 2.g3 Nc6 3.Bg2 f5 4.Nc3 Nf6 5.e3 g6 6.Nge2 Bg7 7.O-O O-O 8.d4 d6
9.Rb1 a5 10.a3 Ne7 11.b4 axb4 12.axb4 c6 13.c5 e4 14.cxd6 Qxd6 15.b5 Be6
16.bxc6 bxc6 17.Na4 Nd7 18.Bd2 Rfb8 19.Rxb8+ Rxb8 20.Qc1 Bb3 21.Nec3 Nd5
22.Re1 Bf8 23.Bf1 Nb4 24.Nb2 Qe6 25.Nca4 Ra8 26.Nc5 Nxc5 27.Bxb4 Nd7 28.Bxf8 Kxf8
29.Bc4 Bxc4 30.Nxc4 Ra2 31.Qc3 Nf6 32.Qb3 Ra8 33.Qb7 Qc8 34.Qb4+ Kg8 35.Qd6 Nd5
36.Ne5 Ra6 37.Rb1 Rb6 38.Rxb6 Nxb6 39.Nxc6 Kf7 40.Ne5+  1-0

[Event "AUT-chT2W 9798"]
[Site "Austria"]
[Date "1997.??.??"]
[Round "2"]
[White "Bischoff, Klaus"]
[Black "Hertneck, Gerald"]
[Result "1/2-1/2"]
[WhiteElo "2535"]
[BlackElo "2525"]

1.c4 e5 2.g3 Nf6 3.Bg2 d5 4.cxd5 Nxd5 5.Nf3 Nc6 6.O-O Nb6 7.d3 Be7 8.a3 O-O
9.Nbd2 Re8 10.b4 a5 11.b5 Nd4 12.Nxd4 Qxd4 13.Rb1 Qa4 14.Qxa4 Nxa4 15.Nc4 e4
16.Bxe4 Nc3 17.Rb2 Nxe4 18.dxe4 Bf6 19.e5 Bxe5 20.Nxe5 Rxe5  1/2-1/2

[Event "AUT-chT2W 9798"]
[Site "Austria"]
[Date "1997.??.??"]
[Round "4"]
[White "Hackbarth, Wolfgang"]
[Black "Fuerlinger, Harald"]
[Result "1/2-1/2"]
[WhiteElo "2185"]
[BlackElo "2055"]

1.c4 e5 2.g3 Nf6 3.Bg2 d5 4.cxd5 Nxd5 5.Nc3 Nb6 6.Nf3 Nc6 7.d3 Be7 8.O-O Be6
9.b3 f5 10.Bb2 O-O 11.Nb5 Bf6 12.d4 e4 13.Ne5 Bxe5 14.dxe5 Qd7  1/2-1/2

[Event "AUT-chT2O 9697"]
[Site "Austria"]
[Date "1997.??.??"]
[Round "9"]
[White "Eisterer, Heinrich"]
[Black "Tompa, Janos"]
[Result "1/2-1/2"]
[WhiteElo "2340"]
[BlackElo "2455"]

1.c4 e5 2.g3 c6 3.Nf3 e4 4.Nd4 d5 5.Bg2 dxc4 6.Nc2 Nf6 7.Ne3 Qd4 8.Qc2 Na6
9.Qxc4 Qxc4 10.Nxc4 Nb4 11.Nba3 Bc5 12.O-O Bg4 13.Re1 Be6 14.b3 b5 15.Ne3 Bd4
16.Rb1 Nxa2 17.Nec2 O-O-O 18.Bb2 Bxb2 19.Rxb2 Rxd2 20.Rxa2 Bxb3 21.Rb2 Ba4
22.f3 Nd5 23.fxe4 Ne3 24.Bh3+ Kc7 25.Kf2 Nd1+ 26.Rxd1 Rxd1 27.Ne3 Rc1 28.Nb1 Rd8
29.Nd2 Rc2 30.Rxc2 Bxc2 31.Ke1 Ba4 32.e5 Re8 33.Nf3 Bb3 34.Kd2 Be6 35.Bxe6 Rxe6
36.Nf5 g6 37.Nh6 f6 38.exf6 Rxf6 39.Ng4 Rf5 40.Nd4 Rd5 41.Kc3 a5 42.e4 Rc5+
43.Kd3 Rc1 44.Nb3 Rb1 45.Nxa5 c5 46.Ne3 Ra1 47.Nd5+ Kd6 48.Nb7+ Ke5 49.Nxc5 Ra3+
50.Kc2 Kd4 51.Nb3+ Kxe4 52.Nc3+ Kf3 53.Nd4+ Kg2 54.Ndxb5 Ra5 55.Nd4 Kxh2
56.Nde2 g5 57.Kd3 h5 58.Ne4 Kg2 59.Ke3 Rf5 60.Nd4 Re5 61.Nf3 Rxe4+ 62.Kxe4 g4
63.Nh4+ Kxg3 64.Nf5+ Kh3 65.Kf4 h4 66.Kg5 g3 67.Nxh4 g2 68.Nxg2 Kxg2  1/2-1/2

[Event "AUT-chT9697"]
[Site "Austria"]
[Date "1997.??.??"]
[Round "10"]
[White "Kraschl, Joerg"]
[Black "Insam, Heinz"]
[Result "1-0"]
[WhiteElo "2500"]
[BlackElo "2500"]

1.c4 e5 2.g3 f5 3.Bg2 Nf6 4.d3 d6 5.Nc3 c6 6.Nf3 Be7 7.O-O O-O 8.Rb1 Na6
9.b4 Qc7 10.Ba3 Re8 11.Nd2 Be6 12.b5 Nc5 13.bxc6 bxc6 14.Bxc5 dxc5 15.Qa4 Bd7
16.Nb3 e4 17.dxe4 Qe5 18.Rfc1 Nxe4 19.Nxe4 fxe4 20.Na5 Bg5 21.Rd1 Bg4 22.Qxc6 Bxe2
23.Rd5 Rab8 24.Nb3 Qf6 25.Rd6 Qf8 26.Qd5+ Kh8 27.Rd7 e3 28.f4 Bg4 29.Rf7 Qg8
30.Qxg5 Qxf7 31.Qxg4 Qxc4 32.Re1 a5 33.Bf1 Qc2 34.Qe2 Qxe2 35.Bxe2 a4 36.Nxc5 Rb2
37.Nxa4 Rxa2 38.Nc3 Rc2 39.Nd5 Rc5 40.Bf3 e2 41.Kf2 g6 42.Ne3 Rc3 43.Rxe2 Ra3
44.h4 Rc3 45.Ng4 Rxe2+ 46.Bxe2 Kg7 47.Ne5 Kf6 48.Bd3 Ra3 49.g4 Ra7 50.g5+ Kg7
51.Ng4 Ra2+ 52.Kf3 Ra3 53.Ke3 Ra1 54.Nf2 Ra3 55.Ne4 Ra2 56.Be2 Ra3+ 57.Kf2 Ra2
58.Nf6 Rb2 59.Ke3 Rb1 60.h5 gxh5 61.Nxh5+ Kf8 62.f5 Rb4 63.Bf3 Ra4 64.Be4 Ra1
65.f6  1-0

[Event "Regionalliga NO9798"]
[Site "Bayern"]
[Date "1997.??.??"]
[Round "?"]
[White "Willim, Michael"]
[Black "Franz, Gerhard"]
[Result "1-0"]
[WhiteElo "2035"]
[BlackElo "1985"]

1.c4 e5 2.g3 Nc6 3.Bg2 g6 4.Nc3 Bg7 5.Rb1 d6 6.b4 f5 7.b5 Nce7 8.e3 Nf6 9.Nge2 O-O
10.d3 g5 11.f4 gxf4 12.exf4 Ng6 13.O-O h5 14.Nd5 h4 15.Nxf6+ Bxf6 16.Be3 Qe8
17.Qd2 Kh7 18.Rbe1 Qf7 19.Nc3 Qg7 20.Nd5 Bd8 21.Qd1 Rh8 22.g4 h3 23.Bf3 fxg4
24.Be4 Kg8 25.f5 Nh4 26.Kh1 Ng2 27.Rg1 g3 28.f6 Bxf6 29.Nxf6+ Qxf6 30.Bd5+ Be6
31.Qg4+ Kf7 32.Rgf1 Nf4 33.hxg3 Rag8 34.Bxe6+ Qxe6 35.Qxe6+ Kxe6 36.gxf4 Rg2
37.Rf2 Rg3 38.fxe5 Rhg8 39.exd6 Rg2 40.dxc7 Rxf2 41.Bxf2+ Kd7  1-0

[Event "Regionalliga NO9798"]
[Site "Bayern"]
[Date "1997.??.??"]
[Round "?"]
[White "Willim, Michael"]
[Black "Stephan, Eberhard"]
[Result "1-0"]
[WhiteElo "2040"]
[BlackElo "2155"]

1.c4 e5 2.g3 Nf6 3.Bg2 d5 4.cxd5 Nxd5 5.Nc3 Nb6 6.Nf3 Nc6 7.O-O Be7 8.a3 O-O
9.b4 a6 10.d3 f5 11.Qb3+ Kh8 12.Bb2 Bf6 13.a4 Re8 14.b5 Nd4 15.Qd1 axb5 16.a5 Na4
17.Nxa4 bxa4 18.Nxd4 exd4 19.Rxa4 c5 20.Qd2 Ra6 21.Raa1 Bg5 22.f4 Bf6 23.Rfc1 Qc7
24.Ra4 Bd7 25.Rac4 Qxa5 26.Qxa5 Rxa5 27.Rxc5 Rxc5 28.Rxc5 Rxe2 29.Rc7 Be6
30.Ba3 Bd8 31.Rc1 b6 32.Kf1 Rd2 33.Rc6 Bf7 34.Rc8 Rd1+ 35.Ke2 Bh5+ 36.Bf3 Bxf3+
37.Kxf3 Rxd3+ 38.Ke2 Re3+ 39.Kd2 Kg8 40.Rxd8+ Kf7 41.Bb2 Re7 42.Bxd4 Kg6
43.h3 Kh5 44.Rd5 g6 45.g4+ Kh4 46.Bf6+ Kxh3 47.Bxe7 fxg4 48.Ke2 g3 49.Kf3 h6
50.Rd6  1-0

[Event "Regionalliga NW9798"]
[Site "Bayern"]
[Date "1997.??.??"]
[Round "?"]
[White "Mueller, Thorsten"]
[Black "Kolin, Julius"]
[Result "1-0"]
[WhiteElo "1955"]
[BlackElo "2190"]

1.c4 e5 2.g3 Nc6 3.Bg2 g6 4.d3 Bg7 5.Nc3 d6 6.Nf3 Nge7 7.a3 O-O 8.O-O a5
9.Rb1 Bg4 10.h3 Bd7 11.Kh2 h6 12.e3 Be6 13.Qe2 d5 14.Rd1 Qd7 15.Bd2 Rfd8
16.Be1 d4 17.Ne4 b6 18.exd4 exd4 19.Ng1 f5 20.Nd2 Re8 21.b4 axb4 22.axb4 Ra2
23.b5 Na5 24.Ra1 Rxa1 25.Rxa1 c6 26.Rb1 Bf7 27.Qf1 Nc8 28.Nb3 Nxb3 29.Bxc6 Qc7
30.Bxe8 Bxe8 31.Rxb3 f4 32.Qe2 Bf7 33.Nf3 g5 34.Bb4 fxg3+ 35.fxg3 Nd6 36.Bxd6 Qxd6
37.Rb1 Bg6 38.Re1 Kh7 39.Nd2 h5 40.Ne4 Qe5 41.Kg2 Bf8 42.Qd2 Be7 43.Qe2 Bd8
44.Ra1 Kh6 45.Qf3 Bc7 46.Qf8+ Kh7 47.Nf6+  1-0

[Event "BEL-chT9697"]
[Site "BEL"]
[Date "1997.??.??"]
[Round "7"]
[White "Cekro, Ekrem"]
[Black "De Wolf, Johan"]
[Result "1-0"]
[WhiteElo "2410"]
[BlackElo "2275"]

1.c4 e5 2.g3 Nc6 3.Bg2 g6 4.Nc3 d6 5.e3 Bg7 6.Nge2 Nge7 7.O-O O-O 8.d4 exd4
9.exd4 h6 10.h3 a6 11.b3 Rb8 12.Bb2 b5 13.cxb5 axb5 14.Rc1 b4 15.Na4 Na7
16.Qd2 c6 17.Rfe1 Ba6 18.Nf4 Nb5 19.Bxc6 Nxc6 20.Rxc6 Bb7 21.Rc4 Qd7 22.d5 Rfe8
23.Rxe8+ Rxe8 24.Bxg7 Kxg7 25.Rxb4 Ba6 26.Nc3 Kh7 27.Ne4 Qf5 28.Qe3 Nc7 29.g4 Qe5
30.Qd4 Kg7 31.Nxd6  1-0

[Event "BEL-chT9697"]
[Site "BEL"]
[Date "1997.??.??"]
[Round "10"]
[White "Foisor, Ovidiu"]
[Black "Vysochin, Spartak"]
[Result "1/2-1/2"]
[WhiteElo "2455"]
[BlackElo "2465"]

1.c4 e5 2.g3 c6 3.d4 exd4 4.Qxd4 d5 5.Nf3 Nf6 6.Bg2 Be7 7.cxd5 Qxd5 8.Nc3 Qh5
9.h3 O-O 10.Bg5 Nbd7 11.Ne4 h6 12.g4 Qg6 13.Nh4 Qh7 14.Nf5 Bd8 15.Nxh6+ Kh8
16.Bxf6 Bxf6 17.Nxf6 Nxf6 18.g5 Nd5 19.Rg1 Qg6 20.Be4 f5 21.Bd3 Kh7 22.Ng4 Qxg5
23.Rg3 Qf4 24.Qxf4 Nxf4 25.Ne5 Be6 26.Kd2 Nxd3 27.Nxd3 f4 28.Rg5 Rad8 29.Rag1 Rd7
30.Kc3 Rc7 31.a3 b6 32.h4 c5 33.Re5 Bc8 34.Re4 Rcf7 35.f3 Bb7 36.Re5 Rd8
37.Rgg5 Ba6 38.Rd5 Rdf8 39.Rh5+ Kg8 40.Rhe5 Rc8 41.Rd6 Kf8 42.Re4 Bxd3 43.Kxd3 Re8
44.Rd5 Rxe4 45.Kxe4 Re7+ 46.Re5 Rd7 47.Rd5 Re7+ 48.Re5 Rd7 49.Kxf4 Rd2 50.b4 c4
51.Ke3 c3 52.Re6 Ra2 53.Rc6 Rxa3 54.Kd3 Rb3 55.Rxc3 Rxb4 56.Rc8+ Kf7 57.Rc7+ Kf6
58.Rxa7 Rxh4 59.e4 Rh1 60.Rc7 Rb1 61.f4  1/2-1/2

[Event "BEL-chT9697"]
[Site "BEL"]
[Date "1997.??.??"]
[Round "11"]
[White "Cekro, Ekrem"]
[Black "Lemmers, Oscar"]
[Result "1-0"]
[WhiteElo "2410"]
[BlackElo "2360"]

1.c4 e5 2.g3 Nf6 3.Bg2 c6 4.d4 exd4 5.Qxd4 d5 6.cxd5 cxd5 7.Nf3 Nc6 8.Qa4 Bc5
9.Ne5 Qb6 10.Nd3 Be7 11.Be3 Qd8 12.Nc3 O-O 13.Bg5 d4 14.Bxf6 Bxf6 15.Ne4 Ne5
16.O-O Nxd3 17.exd3 Be7 18.Nd2 a6 19.Nb3 Bf6 20.Nc5 Rb8 21.Rfe1 Be7 22.Rac1 Bxc5
23.Rxc5 Be6 24.Re4 Qb6 25.Qxd4 Rbd8 26.Rd5 Qxd4 27.Rdxd4 Bxa2 28.Rxd8 Rxd8
29.Ra4 Bb3 30.Rb4 Rxd3 31.Bf1 Rf3 32.Rxb7 Kf8 33.Be2 Bd5 34.Bxf3 Bxf3 35.Ra7 Be2
36.f3  1-0

[Event "Bello Horizonte Centenario op"]
[Site "Bello Horizonte"]
[Date "1997.??.??"]
[Round "7"]
[White "Okamura, Milton Kasuo"]
[Black "Azevedo, Kelsen Rosas"]
[Result "1/2-1/2"]
[WhiteElo "2200"]
[BlackElo "2220"]

1.c4 e5 2.g3 Nf6 3.Bg2 c6 4.Nf3 d6 5.d3 Be7 6.O-O O-O 7.Nc3 Nbd7 8.Rb1 a6
9.b4 Qc7 10.Bd2 d5 11.cxd5 Nxd5 12.Qb3 Nxb4 13.Rfc1 Nf6 14.Na4 Be6 15.Qb2 Nxa2
16.Rc2 Nd5 17.Nc5 Bxc5 18.Rxc5 Qd6 19.Rc2 a5 20.Qxa2  1/2-1/2

[Event "Berliner Sommer"]
[Site "Berlin"]
[Date "1997.??.??"]
[Round "3"]
[White "Heinbuch, Detlef"]
[Black "De la Villa Garcia, Jesus Maria"]
[Result "1/2-1/2"]
[WhiteElo "2360"]
[BlackElo "2485"]

1.c4 e5 2.g3 f5 3.Bg2 Nf6 4.Nc3 Bb4 5.Qb3 Na6 6.a3 Be7 7.Qc2 d6 8.b4 O-O
9.d3 c6 10.e3 Nc7 11.Nge2 Be6 12.O-O a6 13.Bb2 Qe8 14.Qd2 Rd8 15.f4 Rf7 16.Rac1 Bf8
17.Nd1 Bc8 18.Nf2 Re7 19.Rfe1 Qf7 20.Nc3 Be6 21.Nb1 exf4 22.exf4 d5 23.Qc2 Red7
24.c5 d4 25.Nd2  1/2-1/2